Hướng dẫn đồ án môn học thủy năng /

Môn học thuỷ năng là môn học không thể thiếu đối với người theo học ngành Thuỷ lợi - Thuỷ điện. Đồ án môn học thuỷ năng giúp cho người học nắm vững được lý thuyết đã học về điều tiết dòng chảy bằng hồ chứa và làm quen với nhiệm vụ tính toán Thuỷ năng....

ver descrição completa

Na minha lista:
Detalhes bibliográficos
Autor principal: Vũ Hữu Hải.
Outros Autores: Nguyễn Thượng Bằng.
Formato: Livro
Idioma:Vietnamese
Publicado em: Hà Nội : Xây dựng, 2000.
Assuntos:
Tags: Adicionar Tag
Sem tags, seja o primeiro a adicionar uma tag!
Thư viện lưu trữ: Mạng thư viện Đại học Đà Nẵng
LEADER 01260cam a2200361 a 4500
001 000042943
003 818
005 20060321113123.0
008 010217b2000 vm 000 vie
020 |c 12000 
022 |a T 
040 |a IRC  |c IRC  |d IRC 
041 0 |a vie 
082 1 4 |a 621.2  |b VU-H 
100 1 |a Vũ Hữu Hải. 
245 0 0 |a Hướng dẫn đồ án môn học thủy năng /  |c Vũ Hữu Hải, Nguyễn Thượng Bằng. 
260 |a Hà Nội :  |b Xây dựng,  |c 2000. 
300 |a 53tr. ;  |c 27cm. 
520 3 |a Môn học thuỷ năng là môn học không thể thiếu đối với người theo học ngành Thuỷ lợi - Thuỷ điện. Đồ án môn học thuỷ năng giúp cho người học nắm vững được lý thuyết đã học về điều tiết dòng chảy bằng hồ chứa và làm quen với nhiệm vụ tính toán Thuỷ năng. 
630 0 4 |a Thuỷ năng. 
630 0 4 |a Đồ án môn học. 
650 0 4 |a Thủy năng. 
700 1 |a Nguyễn Thượng Bằng. 
OWN |a DUT 
999 |a From the UDN01 
TYP |a Monograph 
TYP |a Printed language 
980 |a Mạng thư viện Đại học Đà Nẵng